National electrical code : NFPA 70
Tallennettuna:
| Yhteisötekijä: | |
|---|---|
| Aineistotyyppi: | Kirja |
| Kieli: | English |
| Julkaistu: |
Quincy, MA (Batterymarch Park, Quincy 02269) : National Fire Protection Association
1998
|
| Painos: | 1999 edition |
| Aiheet: | |
| Tagit: |
Lisää tagi
Ei tageja, Lisää ensimmäinen tagi!
|
MARC
| LEADER | 00000nam a2200000Ia 4500 | ||
|---|---|---|---|
| 003 | 001923 | ||
| 005 | 20221231144017.0 | ||
| 008 | 140114s1998 maua 000 ||eng d | ||
| 040 | |c cru CEDI | ||
| 082 | |a 621.302.18 N277n | ||
| 110 | |9 18730 |a National Fire Protection Association (Estados Unidos) | ||
| 245 | |a National electrical code : NFPA 70 | ||
| 246 | |a NEC 1999 | ||
| 250 | |a 1999 edition | ||
| 260 | |a Quincy, MA (Batterymarch Park, Quincy 02269) : National Fire Protection Association |c 1998 | ||
| 300 | |a 70-644 páginas | ||
| 650 | |x INGENIERÍA ELÉCTRICA |x NORMAS |x ELECTRICIDAD |x MEDIDAS DE SEGURIDAD |x NORMAS |9 19565 | ||
| 942 | |2 ddc |c BK | ||
| 999 | |c 15567 |d 15567 | ||
